|
|
|
|
| LEADER |
00000nam0a2200000 4500 |
| 001 |
15592 |
| 005 |
20231030190253.0 |
| 010 |
|
|
|a 5785502704
|
| 035 |
|
|
|a (RuTPU)RU\TPU\book\15704
|
| 035 |
|
|
|a BOOK00000011
|
| 090 |
|
|
|a 15592
|
| 100 |
|
|
|a 20011209d1989 km y0rusy50 ca
|
| 101 |
0 |
|
|a rus
|
| 102 |
|
|
|a BY
|
| 105 |
|
|
|a y z 000zy
|
| 200 |
1 |
|
|a Диалектика управления
|e Роль научных знаний в управлении общественными процессами
|f С. А. Яцкевич
|
| 210 |
|
|
|a Минск
|c Университетское
|d 1989
|
| 215 |
|
|
|a 160 с.
|
| 610 |
1 |
|
|a социология
|
| 610 |
1 |
|
|a общество
|
| 610 |
1 |
|
|a общественные системы
|
| 610 |
1 |
|
|a наука
|
| 610 |
1 |
|
|a научное знание
|
| 610 |
1 |
|
|a управление
|
| 610 |
1 |
|
|a управленческая деятельность
|
| 686 |
|
|
|a С55.372
|v LBC/SL-A
|2 rubbk
|
| 700 |
|
1 |
|a Яцкевич
|b С. А.
|g Сергей Анатольевич
|
| 801 |
|
0 |
|a RU
|b 63413507
|c 20011209
|g PSBO
|
| 801 |
|
2 |
|a RU
|b 63413507
|c 20130820
|g PSBO
|
| 942 |
|
|
|c BK
|